| 000 | 00552nam a22002057a 4500 | ||
|---|---|---|---|
| 001 | 23135 | ||
| 003 | BD-RjUL | ||
| 005 | 20211209000909.0 | ||
| 008 | 140310s1961 enk||||| |||| 00| 0 eng d | ||
| 035 | _a(BD-RjUL)23200 | ||
| 040 |
_aBD-RjUL _beng _cBD-RjUL _dBD-RjUL |
||
| 041 | _aeng | ||
| 082 | 0 | 4 |
_a843.91409 _bPIN 1961 |
| 100 | 1 |
_a Pinget, Robert _971329 |
|
| 245 | 1 | 0 |
_aNo answer / _cby Robert Pinget |
| 260 |
_aLondon : _bJ. Calder, _c ©1961. |
||
| 300 |
_a151p. ; _c20cm. |
||
| 650 | 0 |
_aFrench fiction _y20th century. _968773 |
|
| 942 |
_2ddc _cBK |
||
| 999 |
_c23135 _d23135 |
||